[Event "Montreal 4th"]
[Site "Montreal"]
[Date "2003.07.27"]
[Round "5"]
[White "Romanishin, Oleg M"]
[Black "Bluvshtein, Mark"]
[Result "1-0"]
[WhiteElo "2561"]
[BlackElo "2447"]
[Annotator "Finkel,A"]
[PlyCount "79"]
[EventDate "2003.07.23"]
[EventType "tourn"]
[EventRounds "11"]
[EventCountry "CAN"]
[EventCategory "11"]
[SourceTitle "CBM 097"]
[Source "ChessBase"]
[SourceDate "2003.11.11"]
[SourceVersion "1"]
[SourceVersionDate "2003.11.11"]
[SourceQuality "1"]

1. d4 Nf6 2. Nf3 e6 3. g3 c5 4. Bg2 cxd4 5. O-O d5 6. Nxd4 e5 7. Nb3 Be6 8. Nc3
Be7 9. f4 exf4 10. gxf4 g6 11. Kh1 {Romanishin is an expert in this strange
line.} (11. Nd4 Bg4 (11... Bc5 $5 $146 12. Na4 Bxd4+ 13. Qxd4 Nc6 14. Qc3 $6 (
14. Qd3 $5 Qa5 (14... Qe7 15. Be3 {[%csl Yc5]}) 15. Nc3 $13) 14... d4 $1 15.
Qa3 (15. Bxc6+ $142 bxc6 16. Qxc6+ Kf8 $1 (16... Bd7 17. Qc4 $16) 17. Nc5 Bf5
$44) 15... Bd5 16. e4 $6 Nxe4) (11... Nc6 12. Kh1 Qd7 13. Nxe6 fxe6 14. e4
O-O-O 15. exd5 exd5 16. f5 gxf5 17. Bh3 Ng4 18. Rxf5 $16 {Horvath,J-Zelcic,R/
Pozega 2000}) 12. Qd3 (12. h3 $1 Bh5 $140 13. Nb3 {[%csl Rd5]}) 12... Nc6 13.
h3 {1/2-1/2 Krasenkow,M-Horvath,J/Budapest 1989/CBM 15 (13)}) 11... Nc6 12. Be3
O-O 13. Nd4 (13. Qd2 Re8 14. Rad1 Bf5 15. Nd4 Nxd4 16. Bxd4 Ne4 17. Nxe4 dxe4
$13 {Tischbierek,R-Hracek,Z/Germany 2000}) 13... Qd7 (13... Ng4 14. Nxe6 fxe6
15. Bg1 Nh6 16. e4 dxe4 17. Nxe4 Qc7 18. c3 Nf5 19. Qb3 $14 {Romanishin,
O-Ulibin,M/Moscow 1994}) 14. Nxe6 $5 {It's hard to believe that this move is
better than 14.f5, but in the following game young candian master didn't
manage to solve all the problems.} (14. f5 $5 Nxd4 15. Bxd4 (15. fxe6 Nxe6 16.
Nxd5 Nxd5 17. Qxd5 $14) 15... Bxf5 16. Bxf6 Bxf6 17. Nxd5 Bd8 $8 (17... Bxb2
18. Rxf5 $1 gxf5 19. Rb1 $18) 18. Qd4 $14) 14... fxe6 15. Bg1 Rad8 16. e3 Bc5 (
16... e5 17. fxe5 (17. Qe2 e4 18. Rad1 Qe6 $15 {[%cal Ge7c5,Gc6e7,Ge7f5]})
17... Nxe5 18. e4 (18. Qe2) 18... dxe4 19. Qxd7 Rxd7 20. Bxa7 $14) 17. Qe2 Ne7
18. Rad1 Qc7 (18... Qc6 $1 19. e4 $140 Bxg1 20. Rxg1 Qb6 21. exd5 Nexd5 22.
Nxd5 Nxd5 $15 {[%csl Rf4]}) 19. Nb5 Qb6 $6 (19... Qc8) 20. b4 $1 {From now on
Romanishin's play is extremly creative and strong.} Bxb4 21. e4 Bc5 (21... Qa6
22. a3 Ba5 23. Bc5 Rfe8 24. Bxe7 (24. c4 Nxe4 25. Bxe4 dxe4 26. Rxd8 Bxd8 27.
Nd6 Rf8 28. Qxe4 Qc6 29. Qxc6 bxc6 30. Bxa7 $13) 24... Rxe7 25. exd5 $14) 22.
Bxc5 Qxc5 23. Nd4 Qb6 24. exd5 Nexd5 25. Qxe6+ (25. Nxe6 Rfe8 $13 {[%cal Ge8e2]
}) 25... Rf7 (25... Kh8 26. Qxb6 Nxb6 27. Bxb7 $16) 26. f5 Rd6 27. fxg6 $1 hxg6
(27... Rxe6 $5 28. gxf7+ Kf8 (28... Kxf7 $2 29. Bxd5 $18) 29. Nxe6+ Qxe6 30.
Bxd5 $1 Nxd5 31. Rde1 Ne3 32. Rf3 Qd5 33. Rexe3 Qd1+ 34. Kg2 Qd2+ 35. Kg3 Qd6+
36. Rf4 Qg6+ 37. Kf2 Qxc2+ 38. Re2 Qc5+ 39. Kg3 Qg5+ 40. Rg4) 28. Qc8+ Rd8 (
28... Qd8 29. Qxd8+ Rxd8 30. Nb3 $16 {[%cal Gc2c4,Gd1d8]}) 29. Qh3 {[%cal
Gd4e6,Gh3h6]} Ne7 30. Ne6 (30. c3 $5) 30... Rxd1 31. Rxd1 Nfd5 32. c4 Rh7 (
32... Nf4 33. Nxf4 Rxf4 34. Qa3 Qc7 35. Qxa7 $16) 33. Qg3 $1 $18 Qxe6 34. cxd5
{[%csl Rg6][%cal Gd5d8]} Qd7 35. d6 Nf5 36. Qxg6+ Rg7 37. Bd5+ Kh8 38. Qe6 b5
39. Rd3 $1 (39. Qxd7 $2 Rxd7 40. Be6 Rxd6 $11) 39... Nxd6 40. Rh3+ 1-0

[Event "Abu Dhabi op 14th"]
[Site "Abu Dhabi"]
[Date "2004.08.15"]
[Round "2"]
[White "Minasian, Artashes"]
[Black "Tissir, Mohamed"]
[Result "1-0"]
[WhiteElo "2584"]
[BlackElo "2416"]
[Annotator "Finkel,A"]
[PlyCount "49"]
[EventDate "2004.08.14"]
[EventType "swiss"]
[EventRounds "9"]
[EventCountry "UAE"]
[SourceTitle "CBM 103"]
[Source "ChessBase"]
[SourceDate "2004.11.11"]
[SourceVersion "1"]
[SourceVersionDate "2004.11.11"]
[SourceQuality "1"]

1. Nf3 Nf6 2. d4 e6 3. Bf4 c5 4. c3 d5 5. e3 Nc6 6. Nbd2 Bd6 7. Bg3 O-O (7...
Qe7 $5) 8. Bd3 Re8 9. Ne5 g6 $6 {[%csl Rg6][%cal Gh2h5] This move weakening
position of the king can't be correct.} 10. f4 (10. h4 Qc7 11. f4 Ne7 12. Bf2
h5 13. Be2 Kg7 14. g4 Rh8 15. Rg1 $36 {Neuenschwander,A-Franck,R/Bad Wildbad
1997}) (10. Ndf3 Bf8 11. Bh4 Bg7 12. Nxc6 bxc6 13. Ne5 Qc7 14. Qf3 Ne4 $5 15.
Bxe4 dxe4 16. Qxe4 cxd4 17. exd4 Ba6 $44 {Netusil,M-Bernasek,J/Czechia 2002})
10... Nh5 11. Bf2 f6 $6 {Inviting white to sacrifice on g6.} (11... cxd4 12.
cxd4 Bxe5 $2 13. fxe5 Bd7 14. a3 f5 15. g4 Ng7 16. h4 Rf8 17. h5 $16 {
Movsisian,N-Khamrakulova,M/Yerevan 1996}) (11... Ng7) 12. Nxg6 hxg6 13. Bxg6
Ng7 14. Bxe8 Qxe8 15. dxc5 Bxc5 16. Qf3 $36 {[%cal Gh2h6,Gg2g5] White's plan
is very simple and very dificult to stop at the same time: he just wants to
advance his pawns on the kingside.} Qg6 $1 {Seeking for the active counterplay.
} (16... Qf7 {[%cal Ge6e5]} 17. e4 Bxf2+ 18. Qxf2 e5 19. O-O $16) 17. h4 Bd7 ({
Of course not} 17... f5 18. h5 Qg4 19. Qxg4 fxg4 20. e4 Bxf2+ 21. Kxf2 dxe4 22.
Nxe4 $18 {with the decisive advantage in the endgame.}) 18. h5 Qd3 (18... Qc2
19. h6 Ne8 $132) 19. g4 Rc8 20. Rd1 Qc2 21. h6 Ne8 22. g5 fxg5 23. Rg1 Ne7 $6 {
Black doesn't stand the pressure!} ({It was necessary to play} 23... Qxb2 $1 {
with very good counterchances in all lines:} 24. Qh5 Be7 $1 25. Rb1 (25. Bh4
Qxc3 26. Rg3 Nd6 27. Bxg5 Kh8 $17) 25... Qxc3 26. Rxb7 Rc7 27. Rxc7 Nxc7 28.
Qg6+ Kh8 $17) 24. Rxg5+ Kf8 $2 (24... Kh8 25. e4 b6 26. Bxc5 bxc5 27. Qh5 Ba4
28. b3 Qxc3 29. Qf7 Qe3+ 30. Kf1 Bb5+ 31. Kg2 Qe2+ 32. Kg3 $18) 25. f5 $1 {
[%cal Gh6h7]} 1-0

[Event "IND-ch"]
[Site "Mumbai"]
[Date "2003.01.24"]
[Round "10"]
[White "Suvrajit, Saha"]
[Black "Ganguly, Surya Shekhar"]
[Result "0-1"]
[WhiteElo "2390"]
[BlackElo "2556"]
[Annotator "Finkel,A"]
[PlyCount "110"]
[EventDate "2003.01.18"]
[EventType "tourn"]
[EventRounds "21"]
[EventCountry "IND"]
[EventCategory "8"]
[SourceTitle "CBM 094"]
[Source "ChessBase"]
[SourceDate "2003.05.26"]
[SourceVersion "1"]
[SourceVersionDate "2003.05.26"]
[SourceQuality "1"]

1. d4 d5 2. Nf3 Nf6 3. Bf4 g6 4. c3 Bg7 5. e3 Nh5 $5 6. Be5 {It seems that
other retreat of the bishop is more accurate.} (6. Bg5 h6 7. Bh4 g5 8. Ne5 $5
Bxe5 9. dxe5 Ng7 10. Bg3 c5 11. h4 $14 {Chasovnikova,E-Sukhareva,O/Elista 1998}
) 6... f6 7. Bg3 Nxg3 (7... c6 8. Nbd2 O-O 9. e4 Bg4 10. Qb3 Qd7 11. exd5 cxd5
12. Be2 Nxg3 13. hxg3 e5 14. dxe5 fxe5 15. O-O Nc6 16. Rae1 Kh8 $15 {
Andrzejewski,J-Karpinski,A/Bydgoszcz 2001}) 8. hxg3 e5 9. dxe5 {White's idea
is to play against black pawns in the center. Nothing promised} (9. c4 exd4 (
9... e4 10. Nfd2 c6 11. Nc3 Be6 12. Qb3 Qd7 13. cxd5 cxd5 14. Na4 {[%cal Ga4c5]
} Bf8 15. Rc1 Nc6 16. Nc5 Bxc5 17. Rxc5 $14) 10. Qxd4 Nc6 11. Qd2 Be6 12. cxd5
Qxd5 $13 {and black is doing fine.}) 9... fxe5 10. e4 (10. c4 $2 e4 11. Nd4 c5
$19 {[%csl Rb2]}) 10... c6 11. Bd3 O-O 12. Nbd2 Bg4 13. Qe2 (13. Qb3 $6 Qb6)
13... a5 14. O-O-O a4 15. a3 $5 {Preventing further advance of the pawn and
preparing to bring the bishop to a2 to put some pressure on d5.} (15. Nc4 Qf6
16. Ne3 Be6 17. Kb1 a3 18. b3 Nd7 19. Bc2 d4 $1 $36) 15... Qf6 16. Bb1 $1 {
[%csl Rd5][%cal Gb1a2]} Nd7 17. Ba2 Be6 $5 (17... Ra5 $5) 18. exd5 cxd5 19. Qb5
d4 20. Ne4 Bxa2 $1 {Queen sacrifice is fully justified because after} (20...
Qe7 $2 21. Bxe6+ Qxe6 22. Neg5 Qc6 23. Qxc6 bxc6 24. cxd4 exd4 25. Ne6 $16 {
white just wins a pawn.}) 21. Nxf6+ Nxf6 22. Nxe5 dxc3 23. b4 $5 {After this
move black pawns on c3 becomes a serious force, so deserved attention brave} (
23. bxc3 Rac8 24. Kb2 Ne4 (24... Bb3) 25. f4 Nxc3 26. Qd7 $16 {[%csl Ge5] and
white knight on e5 is just too strong to permit black to launch an attack
against white king.}) 23... Bb3 (23... axb3 $2 24. Qc4+ Kh8 25. Nxg6#) 24. Nd7
$6 (24. f4 $1 $16) 24... c2 25. Nxf6+ Bxf6 $44 26. Rd7 Rfe8 27. Rdxh7 $4 {
Terrible blunder. After this move nothing can save white.} (27. Qxb7 Rad8 28.
Rd2 $1 Bg7 (28... Rxd2 $2 29. Qxh7+ Kf8 30. Qh6+ Kf7 31. Qxd2 Rd8 32. Rh7+ Kg8
33. Rd7 $18) 29. Qc6 Rf8 $44) 27... Rad8 $19 {[%cal Gd8d1]} 28. Rd7 Rxd7 29.
Qxd7 Rd8 30. Rh7 (30. Qh7+ Kf8 31. Qh6+ Kf7 32. Qh7+ Bg7 $19) 30... Rxd7 31.
Rxd7 b5 32. f4 Bc3 {The rest is an easy technical job.} 33. Rd3 Bf6 34. Rd7 Kf8
35. Rd3 g5 36. Rf3 Ke7 37. Re3+ Kd6 38. Re2 Kd5 39. Re8 Kc4 40. Re6 Bd4 41. Kd2
(41. fxg5 Kd3 42. Rd6 Kc3 43. Rc6+ Bc4 $19 {[%cal Gd4e3]}) 41... Bb2 42. Rc6+
Kd5 43. Rc5+ Kd4 44. fxg5 c1=Q+ 45. Rxc1 Bxc1+ 46. Kxc1 Kc3 47. g6 Bg8 48. g4
Kb3 49. Kd2 Kxa3 50. Kc3 Ka2 51. Kc2 Bb3+ 52. Kc1 Ka3 53. g7 Kxb4 54. Kb2 a3+
55. Ka1 Kc3 0-1

[Event "Corus-B"]
[Site "Wijk aan Zee"]
[Date "2005.01.29"]
[Round "12"]
[White "Nikolic, Predrag"]
[Black "Mamedyarov, Shakhriyar"]
[Result "0-1"]
[WhiteElo "2676"]
[BlackElo "2657"]
[Annotator "Finkel,A"]
[PlyCount "68"]
[EventDate "2005.01.15"]
[EventType "tourn"]
[EventRounds "13"]
[EventCountry "NED"]
[EventCategory "13"]
[SourceTitle "CBM 105"]
[Source "ChessBase"]
[SourceDate "2005.04.11"]
[SourceVersion "1"]
[SourceVersionDate "2005.04.11"]
[SourceQuality "1"]

1. d4 Nf6 2. Nf3 g6 3. g3 Bg7 4. Bg2 O-O 5. O-O d5 6. Nbd2 b6 7. c4 e6 8. cxd5
(8. Qc2 Bb7 9. cxd5 exd5 10. Ne5 Nfd7 11. Ndf3 Nxe5 12. Nxe5 c5 13. Be3 Re8 14.
Nf3 Nd7 $11 {Bergstrom,C-Engqvist,T/Sundsvall 1989}) (8. b3 Bb7 9. Ba3 (9. Bb2
a5 (9... c5 10. dxc5 bxc5 11. e3 Qe7 12. Rc1 Rd8 13. Qc2 Na6 14. a3 Rac8 15.
Rfd1 Nb8 $132 {Hansen,C-Lutz,C/Tilburg 1993}) 10. Qc2 Na6 11. Rac1 c5 12. Qb1
Qe7 13. Ne5 Rfd8 14. Rfd1 Rac8 $11 {Pigusov,E-Tukmakov,V/Moscow 1989}) 9... Re8
10. Rc1 a5 11. Ne5 Nfd7 12. f4 Na6 13. Bb2 c5 14. cxd5 Nxe5 $2 15. dxe5 exd5
16. Nc4 $16 {Efimov,I-Hermansson,E/Gausdal 1991}) (8. Ne5 Bb7 9. b3 (9. Qc2
Nbd7 10. cxd5 Nxe5 11. dxe5 Nxd5 12. Nf3 c5 13. a3 Qc7 $15 {Berovski,K-Ninov,V/
Sofia 1995}) 9... Nbd7 10. Ba3 Re8 11. Nd3 Ne4 12. Nxe4 dxe4 13. Ne1 f5 14. Rb1
Qg5 15. Nc2 Rad8 $132 {Nemeth,Z-Herczeg,T/Sarospatak 1994}) (8. b4 Nbd7 9. Ba3
Re8 10. Rc1 Bb7 11. e3 c6 12. Rc2 Bf8 13. Qc1 a5 14. b5 c5 15. Rd1 $14 {
Jirovsky,M-Lau,R/Germany 2003}) 8... exd5 9. Nb3 {The idea behind this move is
to prevent black from pushing c5.} (9. Ne5 Ng4 10. Ndf3 Nxe5 11. Nxe5 Bb7 12.
Qa4 $14 {Almasi,I-Cifka,S/Aschach 2000}) 9... Re8 10. Bf4 Ba6 (10... Qe7 11.
Re1 c5 $6 12. Bg5 Be6 13. e4 dxe4 14. Nfd2 $14) 11. Re1 Nh5 $5 12. Bg5 Qd6 13.
Rc1 h6 14. Be3 Nd7 15. Rc2 {Inviting black to sacrifice an exchange on e3.} (
15. Qd2 g5 16. Bh3 c6 $13) 15... Rxe3 $6 {Accepting the challenge! White's
chances are clearly better after 15...R:e3, but taking into account a horrible
form of Nikolic during the tournament it was difinitly a very wise move.} 16.
fxe3 Re8 17. Qc1 c5 18. dxc5 bxc5 19. Rd1 $2 {For some reason white white
refrains from taking the pawn on c5, even though after 19.N:c5 black seems to
be in troubles.} (19. Nxc5 Nxc5 20. Rxc5 Bxb2 21. Qc2 Bg7 22. Rc6 Qa3 23. Qc5
$1 Qxc5 24. Rxc5 Bc4 25. e4 $1 Bf8 26. Rc7 Bd6 27. Rc6 $16) 19... c4 20. Nbd4 (
20. Nbd2 Qc5 21. Nf1 Nhf6 22. Nd4 h5 $132) 20... Nhf6 $36 {White's mistake
changed drasticly the situation on the board: white major pieces are trapped
on the queenside while black's attack on the kingside ig going very smoothly.}
21. Nd2 h5 22. Nf1 (22. e4 $6 {[%csl Rd4]} Ng4 23. Nf1 Nc5 24. exd5 Nd3 $1 25.
exd3 Bxd4+ 26. Kh1 cxd3 27. Rcd2 Qf6 $17) 22... Bh6 23. Rc3 h4 24. gxh4 Ne4 25.
Ra3 (25. Bxe4 Rxe4 26. Nf3 Rg4+ 27. Kh1 Nf6 $17) 25... Ndf6 26. Nf3 c3 $1 $19 {
[%cal Ga6e2]} 27. Qc2 (27. bxc3 Bxe2 28. Re1 Bxf1 29. Bxf1 Ng4 30. Ra6 Qc7 31.
Bh3 Nxh2 32. Nxh2 Qg3+ 33. Bg2 Qf2+ 34. Kh1 Ng3#) 27... cxb2 28. Rb3 Ng4 29. h3
(29. Ng5 Nxg5 30. hxg5 Bxg5 31. Bxd5 Qf6 32. Bf3 Bxe3+ 33. Kg2 Qg5 $17) 29...
Ngf2 30. Rd4 Bc8 $1 31. Qxb2 Nxh3+ 32. Bxh3 Bxh3 33. Ng5 $6 (33. N3d2 Bg7 34.
Nxe4 Rxe4 35. Rb8+ Kh7 36. Qb4 Qf6 $19) 33... Bxg5 34. hxg5 Qe5 0-1

[Event "Bermuda-B"]
[Site "Bermuda"]
[Date "2003.01.25"]
[Round "1"]
[White "Fridman, Daniel"]
[Black "Paschall, William M"]
[Result "1-0"]
[WhiteElo "2572"]
[BlackElo "2444"]
[Annotator "Finkel,A"]
[PlyCount "111"]
[EventDate "2003.01.25"]
[EventType "tourn"]
[EventRounds "11"]
[EventCountry "BER"]
[EventCategory "10"]
[SourceTitle "CBM 094"]
[Source "ChessBase"]
[SourceDate "2003.05.26"]
[SourceVersion "1"]
[SourceVersionDate "2003.05.26"]
[SourceQuality "1"]

1. g3 Nf6 2. Bg2 d5 3. Nf3 c6 4. O-O Bg4 5. d4 Nbd7 6. Nbd2 e6 7. Re1 Be7 8. e4
dxe4 9. Nxe4 Nxe4 10. Rxe4 Bf5 11. Re1 O-O 12. c3 {Quite boring and harmless
variation, but not such an easy one for black to handle! White gets minimal
advantage in all the lines and black has to be carefull not to let this
minimal advantage to turn inot something more significant.} (12. Qe2 h6 13. Bf4
Re8 14. c4 a5 15. Red1 Qb6 16. Rac1 a4 17. c5 Qa6 18. Qxa6 Rxa6 $11 {Belotti,
B-Sedina,E/Milan 2002}) 12... Re8 (12... Qb6 13. Qb3 (13. Qe2 Rfe8 14. Be3 Qa5
15. a4 h6 16. b4 Qc7 17. Bf4 Bd6 18. Bxd6 Qxd6 19. b5 Rac8 $13 {Yegiazarian,
A-Asrian,K/Yerevan 1996}) 13... Qxb3 (13... a5 14. Ne5 (14. Qxb6 Nxb6 15. Bf1
Rfd8 16. Nd2 {1/2-1/2 Vojinovic,G-Lazic,M/Budva 2002}) 14... a4 15. Nxd7 Qc7
16. Qc4 Qxd7 17. Bf4 h6 18. h4 Ra5 $11 {Konopka,M-Gyimesi,Z/Balatonlelle 2002})
14. axb3 a5 15. Ne5 Nxe5 16. Rxe5 Bd8 17. Re2 Bd3 18. Rd2 Bf5 19. Re2 Bc7 $11 {
Doncevic,D-Maus,S/Germany 1990}) (12... a5 13. Qe2 (13. a4 Nf6 (13... Qb6 14.
Qe2 Rfe8 15. Nd2 Rad8 16. Nc4 Qa6 17. Be3 $14 {Kengis,E-Kunin,V/Bad
Woerishofen 2002}) 14. Ne5 h6 15. Qb3 Rb8 16. Bd2 Nd5 17. Rad1 Re8 18. h3 Bf8
19. Bc1 Qe7 20. Re2 Red8 21. c4 Nb4 22. c5 $14 {Maiwald,J-Sturua,Z/Dresden 1995
}) 13... a4 14. h3 Re8 15. Bf4 Qa5 16. Rad1 h6 17. g4 Bg6 18. Rd2 Rad8 $13 {
Ermenkov,E-Lekic,D/Ikaros 1999}) (12... h6 13. Qe2 (13. Qb3 Qb6 14. Nd2 Qxb3
15. axb3 Nb6 16. b4 a6 17. Nb3 Rad8 18. b5 axb5 19. Ra7 Rd7 20. Na5 Ra8 21.
Rxb7 Rxb7 22. Nxb7 Nd5 $11 {Carlier,B-Dutreeuw,M/Antwerp 1998}) 13... Re8 14.
Bf4 Qb6 15. Rad1 a5 16. h3 Bh7 17. h4 a4 18. a3 Bf5 $11 {Spraggett,K-Antunes,A/
Zaragoza 1996}) (12... Qc7 13. Bf4 Bd6 14. Bxd6 Qxd6 15. Nh4 Bg6 16. Nxg6 hxg6
17. h4 Qc7 18. h5 $14 {Sulava,N-Marciano,D/France 2002}) 13. Bf4 (13. Qb3 Qb6
14. Nd2 Qc7 $6 15. Nc4 b5 16. Ne3 Bg6 17. a4 a6 18. c4 $14 {Giorgadze,G-Pomes
Marcet,J/Ampuriabrava 1997}) 13... Qb6 14. Qb3 a5 $6 {[%csl Ra5] Not the best
way to meet white's plan. In the arising endgame black pawn on a5 becomes a
target for the white pieces.} 15. Ne5 $1 Qxb3 16. axb3 Nxe5 17. Rxe5 g5 (17...
Bd8 18. b4 g5 (18... Bc7 $2 19. Rxf5 $18) 19. Bd2 Bc7 20. bxa5 Bxe5 21. dxe5 h6
22. Be3 Red8 23. b4 $44) 18. Bd2 Bd8 19. b4 Bc7 20. Ree1 axb4 {Also after} (
20... h6 21. bxa5 Bxa5 22. Ra3 Bc7 23. Rea1 Rxa3 24. Rxa3 $14 {white keeps
some pressure due to the control of an a-file.}) 21. Bxg5 bxc3 22. bxc3 Kg7 (
22... Bd3 $5 23. Bf6 Bc4 24. Rab1 Ra7 25. Re4 Bd3 26. Rg4+ Bg6 $13) 23. c4 Bd3
24. c5 Ba5 (24... Bc4 25. Rab1 Ra7 26. Rec1 Bd5 27. Bxd5 exd5 28. Rb3 f5 29.
Rcb1 Rb8 30. Kg2 $14) 25. Rec1 Ra6 26. Be3 $1 {[%csl Gd4] It's important to
take care of d4.} Rea8 27. Bf1 Bxf1 28. Kxf1 Bd8 $6 {[%csl Gf4]} (28... Bc7 29.
Rab1 R8a7 30. Ke2 e5 31. dxe5 Bxe5 32. Rb4 $14) 29. Rab1 R8a7 30. Ke2 Kf8 31.
Rc2 Ra2 $2 {Black doesn't stand the pressure and loses a pawn. It was
necessary to play} (31... Ke7 $1 {[%csl Rb7][%cal Ge7d7,Gd7c8]} 32. Rcb2 Ra2
33. Rxa2 Rxa2+ 34. Kf1 Ra7 35. Bf4 b5 36. cxb6 Rb7 $11 {with a draw.}) 32. Rxa2
Rxa2+ 33. Kf3 Ra7 34. Bf4 $1 $18 {[%cal Gf4b8]} Bf6 (34... b5 35. cxb6 Rb7 36.
Bd6+ Ke8 37. Bc5 $18) 35. Ke4 Ra4 36. Be5 Be7 37. Rxb7 $5 f6 (37... Bxc5 38.
Rc7 $16) 38. Bd6 Bxd6 39. cxd6 c5 40. Rxh7 Rxd4+ 41. Ke3 Rxd6 42. Rc7 Rd5 43.
g4 Rd4 44. f3 Rc4 45. h4 f5 46. h5 $1 fxg4 47. h6 $18 Kg8 (47... gxf3 48. Rc8+
Kf7 49. h7 $18) 48. Rg7+ Kh8 49. fxg4 Rd4 50. g5 Rh4 51. Kf3 c4 52. Rc7 Rh1 53.
Kg4 e5 54. Kf5 Rf1+ 55. Kg6 Rf8 56. h7 1-0

[Event "Dallas UTD"]
[Site "Dallas"]
[Date "2004.12.12"]
[Round "6"]
[White "Vavrak, Peter"]
[Black "Ramirez Alvarez, Alejandro"]
[Result "0-1"]
[WhiteElo "2388"]
[BlackElo "2519"]
[Annotator "Finkel,A"]
[PlyCount "90"]
[EventDate "2004.12.07"]
[EventType "tourn"]
[EventRounds "9"]
[EventCountry "USA"]
[EventCategory "10"]
[SourceTitle "CBM 105"]
[Source "ChessBase"]
[SourceDate "2005.04.11"]
[SourceVersion "1"]
[SourceVersionDate "2005.04.11"]
[SourceQuality "1"]

1. d4 d5 2. Nf3 Nf6 3. Bf4 c6 4. e3 Bg4 5. Bd3 e6 6. h3 (6. c3 Bd6 7. h3 (7.
Bxd6 Qxd6 8. Nbd2 Nbd7 9. Qa4 O-O 10. O-O e5 11. dxe5 Nxe5 12. Nxe5 Qxe5 13. h3
Bh5 $11 {Bichlmeier,J-Gradl,W/Germany 1997}) 7... Bxf3 8. Qxf3 Bxf4 9. Qxf4
Nbd7 10. Nd2 O-O 11. Qg3 c5 12. O-O Nh5 13. Qd6 Nhf6 $11 {Sahovic,D-Matulovic,
M/Vrnjacka Banja 1985}) (6. Nbd2 Bd6 (6... Be7 7. c4 O-O 8. Qc2 dxc4 9. Bxc4
Nbd7 10. O-O Nb6 11. Bb3 Nbd5 12. Be5 Rc8 13. Rad1 c5 14. Qb1 $14 {Panchenko,
A-Julin,A/Kiev 2003}) 7. O-O (7. Bg3 O-O 8. O-O Bxg3 9. hxg3 Qb6 10. Qb1 c5 11.
c3 Bxf3 12. gxf3 Nc6 13. f4 g6 $11 {Carr,J-Donaldson,J/Reno 1992}) 7... Qc7 8.
Bxd6 Qxd6 9. Qb1 Nbd7 10. c4 O-O 11. b4 Rfe8 $11 {Chahoyan,N-Grancharov,G/
Bankia 1990}) (6. O-O Nbd7 7. c3 Nh5 8. Bg3 Nxg3 9. hxg3 h5 10. Nbd2 h4 11.
gxh4 Qf6 $44 {Li Bo-Wu Wenjin/Suzhou 2001}) 6... Bxf3 (6... Bh5 7. O-O Be7 8.
Nbd2 Nbd7 9. c4 O-O 10. Qb3 Qb6 11. c5 Qxb3 12. axb3 Bg6 13. Bxg6 hxg6 14. b4
a6 $11 {Altounian,L-Vucic,M/Seattle 2002}) 7. Qxf3 Bd6 8. Nd2 O-O 9. g4 $5 {
Showing his agressive intentions.} (9. O-O Bxf4 10. Qxf4 (10. exf4 Qb6 11. Nb3
Nbd7 $11) 10... Nbd7 11. c4 Qe7 12. Nf3 Rfe8 $11) (9. c3 Bxf4 10. exf4 Nbd7 11.
O-O c5 12. Qe3 Qb6 $11) 9... Bxf4 10. Qxf4 Nbd7 11. O-O-O {After 9.g4 was
played it was clear that white is going to castle queenside, however it proves
to be an extremly risky decision since black's play on the queenside is much
faster.} c5 12. c3 c4 $1 13. Bc2 b5 14. e4 (14. g5 Ne8 15. e4 Nc7 16. exd5 Nxd5
17. Qe4 g6 18. h4 b4 $15) 14... b4 $5 (14... Rb8 15. g5 Nxe4 16. Nxe4 dxe4 17.
Bxe4 b4 18. cxb4 Rxb4 $36) 15. cxb4 a5 16. b5 a4 17. g5 Nxe4 18. Bxe4 ({
More chances for the successfull defense would leave} 18. Nxe4 dxe4 19. Bxe4 {
even though black's attack is very dangerous anyway.} Ra5 $1 (19... Rb8 $6 20.
Bc6 a3 21. d5 e5 22. Qxc4 Qxg5+ 23. Kb1 Nf6 24. bxa3 $16) 20. Bc6 a3 21. d5 e5
22. Qxc4 Nb6 23. Qg4 axb2+ 24. Kb1 Qd6 $40 {[%cal Gd6a3]}) 18... dxe4 19. a3 c3
$6 (19... Rb8 20. Nxe4 Rxb5 21. Rhg1 Nb6 22. Nc3 Nd5 $17) 20. bxc3 Qb6 21. Kc2
$6 (21. c4 $1 Qxd4 22. Kb1 $13) 21... Qxb5 22. Qxe4 Rac8 23. Qd3 $6 (23. Rhg1
$5 Rxc3+ 24. Kxc3 Rc8+ 25. Nc4 Qxc4+ 26. Kd2 Qa2+ 27. Ke1 Qxa3 28. Rg3 $13)
23... Qd5 $1 24. Rb1 Rfd8 {[%cal Gd7c5]} 25. Rhe1 Qa2+ 26. Rb2 Qxa3 27. c4 Qd6
28. Re3 Qa6 (28... Qf4) 29. c5 (29. Kd1 Nc5 30. Qc3 Nb3 31. Nxb3 axb3 32. Qxb3
Rxc4 $19) 29... Nxc5 $1 30. Qxa6 Nxa6+ 31. Rc3 Rxc3+ 32. Kxc3 Rc8+ 33. Nc4 Nc7
34. Kd3 (34. Rb7) 34... Nd5 35. Nd6 a3 36. Nxc8 (36. Rb1 a2 37. Ra1 Nb4+ $19)
36... axb2 37. Kc2 Nf4 38. h4 Ng2 39. h5 Nf4 40. g6 (40. Kxb2 Nxh5 41. d5 exd5
42. Ne7+ Kf8 43. Nxd5 f6 44. gxf6 Nxf6 45. Nf4 Kf7 $19) 40... fxg6 41. hxg6 h5
42. Nd6 h4 43. Ne4 h3 44. f3 h2 45. Nf2 Nd3 0-1